000 00567nam a2200217Ia 4500
003 OSt
005 20220926000418.0
006 a|||||r|||| 00| 0
007 ta
008 220923b |||||||| |||| 00| 0 eng d
037 _cGeneral Book
040 _aRTL
_cRTL
_beng
041 _2eng
_aeng
082 _aX.4.N5s, H8
100 _aCherian T O
_9302532
245 0 _aHandbook of Asian statistics
260 _a New Delhi
_bICWA
_c1948
300 _a73p
_ccm.
942 _hX.4.N5s, H8
_cGB
_2CC
999 _c598998
_d598998